| 000 | 00712 a2200193 4500 | ||
|---|---|---|---|
| 020 | _a0486402584 | ||
| 020 | _a9780486402581 | ||
| 082 | _a519.3 | ||
| 090 |
_c1277 _d1277 |
||
| 100 | 1 | _aPapadimitriou, Christos H. | |
| 245 | 1 | 0 |
_aCombinatorial optimization : _balgorithms and complexity / _cChristos H. Papadimitriou, Kenneth Steiglitz. |
| 260 |
_a[S.l.] : _bDover Publications, _c1998. |
||
| 300 |
_a528 p. ; _c22 cm. |
||
| 490 | 1 | _aDover books on computer science. | |
| 700 | _aSteiglitz, Kenneth | ||
| 830 | _aDover books on computer science | ||
| 942 |
_aSNS _cBK _k519.3 PAP |
||
| 999 |
_c29890 _d29890 |
||